[Event "SRB-ch sf"]
[Site "Zrenjanin"]
[Date "2018.02.18"]
[Round "4"]
[White "Ratkovic, Petar"]
[Black "Vujacic, Borivoje"]
[Result "0-1"]
[WhiteElo "1879"]
[BlackElo "2241"]
[PlyCount "62"]
[EventDate "2018.02.16"]
[EventType "swiss"]
[EventRounds "9"]
[EventCountry "SRB"]
[SourceTitle "CBM 183 Extra"]
[Source "ChessBase"]
[SourceDate "2018.04.19"]
[SourceVersion "1"]
[SourceVersionDate "2018.04.19"]
[SourceQuality "1"]

1. d4 Nf6 2. c4 g6 3. f3 d5 4. cxd5 Nxd5 5. e4 Nb6 6. Nc3 Bg7 7. Be3 0-0 8. Qd2 e5 9. d5 c6 10. 0-0-0 cxd5 11. exd5 N8d7 12. h4 e4 13. Bh6 e3 14. Qxe3 Re8 15. Qd2 Bh8 16. h5 Ne5 17. hxg6 fxg6 18. Bg5 Qc7 19. d6 Qf7 20. Rh4 Bd7 21. Rf4 Qe6 22. g3 Rac8 23. Bh3 Qxa2 24. Bxd7 Nexd7 25. Qc2 Bxc3 26. bxc3 Qa3+ 27. Kb1 Re5 28. Rb4 Rxg5 29. Rb3 Qa4 30. Ne2 Ra5 31. Qb2 Nc4 0-1

[Event "SRB-ch sf"]
[Site "Zrenjanin"]
[Date "2018.02.17"]
[Round "3"]
[White "Tancik, Kristijan"]
[Black "Ratkovic, Petar"]
[Result "1/2-1/2"]
[WhiteElo "2277"]
[BlackElo "1879"]
[PlyCount "135"]
[EventDate "2018.02.16"]
[EventType "swiss"]
[EventRounds "9"]
[EventCountry "SRB"]
[SourceTitle "CBM 183 Extra"]
[Source "ChessBase"]
[SourceDate "2018.04.19"]
[SourceVersion "1"]
[SourceVersionDate "2018.04.19"]
[SourceQuality "1"]

1. d4 d5 2. c4 dxc4 3. e3 e5 4. Bxc4 exd4 5. exd4 Nf6 6. Nf3 Bd6 7. Qe2+ Qe7 8. Qxe7+ Bxe7 9. 0-0 0-0 10. Re1 Bd6 11. Bg5 Nbd7 12. Nc3 a6 13. Bb3 b6 14. Ne5 Bb7 15. Nxd7 Nxd7 16. Be7 Rfe8 17. Bxd6 cxd6 18. Nd5 Kf8 19. Ne3 g6 20. Nc4 Rxe1+ 21. Rxe1 Bd5 22. Nxd6 Bxb3 23. axb3 Nf6 24. Rc1 Nd5 25. Rc6 Rd8 26. g3 Ke7 27. Nc4 b5 28. Ne5 Nb4 29. Rc7+ Ke6 30. Nxf7 Rxd4 31. Ng5+ Kf5 32. Nf3 Rd1+ 33. Kg2 h5 34. Rf7+ Ke6 35. Ng5+ Ke5 36. h4 Rb1 37. Re7+ Kd5 38. Re2 Nd3 39. Rd2 Kd4 40. Ne6+ Ke4 41. Ng5+ Kd4 42. Kf3 Rxb2 43. Ne6+ Kc3 44. Rxb2 Kxb2 45. Ke3 Kc3 46. f3 Nb4 47. Nc5 a5 48. g4 Nc6 49. Ke4 Kb4 50. Kd5 Ne7+ 51. Kd6 Nc8+ 52. Ke6 Ne7 53. Kd6 Ng8 54. g5 Ne7 55. Na6+ Kxb3 56. Kxe7 a4 57. Nc5+ Kc4 58. f4 a3 59. f5 a2 60. fxg6 a1Q 61. Ne6 Qa3+ 62. Kf7 Qf3+ 63. Ke7 Qb7+ 64. Kf8 Qc8+ 65. Kf7 Qd7+ 66. Kf8 Qc8+ 67. Ke7 b4 68. g7 1/2-1/2